[Event "C.to Provinciale LI"]
[Site "Livorno ITA"]
[Date "2011.01.14"]
[Round "1"]
[White "De Nadai, Daniele"]
[Black "Rinaldi, Francesco Saverio"]
[Result "0-1"]
[WhiteElo "1866"]
[BlackElo "2102"]
[PlyCount "111"]
[EventDate "2011.01.14"]

1. d4 g6 2. e4 Bg7 3. Bc4 c5 4. Ne2 cxd4 5. Nxd4 Qa5+ 6. c3 Nc6 7. Be3 Nf6 8.
Qc2 Ng4 9. Nxc6 bxc6 10. Bf4 O-O 11. h3 Ne5 12. Be2 d5 13. O-O h6 14. Nd2 Rd8
15. Nf3 Nd7 16. Nd4 Bb7 17. exd5 cxd5 18. Nb3 Qb6 19. Be3 Qc7 20. Qd2 Kh7 21.
Rac1 e5 22. Bf3 f5 23. Bxd5 f4 24. Bxb7 Qxb7 25. Bxf4 exf4 26. Qxf4 Rf8 27. Qd2
a5 28. Rcd1 Rf7 29. Qc2 Qb6 30. Rd2 Ne5 31. Rfd1 Raf8 32. Re2 Rf5 33. Kf1 Nc4
34. Nd4 Rxf2+ 35. Kg1 Rxe2 36. Qxe2 Nxb2 37. Rb1 Bxd4+ 38. cxd4 Qxd4+ 39. Kh1
Rf2 40. Qe7+ Qg7 41. Qc5 Rf5 42. Qc2 Rb5 43. Qc6 Rb7 44. Qc2 a4 45. Qc6 Rc7 46.
Qb6 a3 47. Qb4 Qc3 48. Qf4 Re7 49. Qf2 Nd3 50. Qf3 Qd4 51. Kh2 Qf4+ 52. Qxf4
Nxf4 53. Rb3 Ra7 54. g3 Ne2 55. Rd3 Nc1 56. Rd2 0-1

[Event "C.to Provinciale LI"]
[Site "Livorno ITA"]
[Date "2011.01.15"]
[Round "2"]
[White "Annoni, Riccardo"]
[Black "Casarosa, Michele"]
[Result "0-1"]
[WhiteElo "2067"]
[BlackElo "1953"]
[PlyCount "72"]
[EventDate "2011.01.14"]

1. e4 c5 2. Nc3 Nc6 3. g3 d6 4. Bg2 g6 5. d3 Bg7 6. Be3 Nf6 7. h3 e5 8. Qd2 Nd4
9. Nd1 b6 10. c3 Ne6 11. Bh6 Bb7 12. Bxg7 Nxg7 13. Ne3 Qd7 14. Nf3 Qc7 15. O-O
O-O 16. Rae1 Rae8 17. g4 Ne6 18. c4 Nf4 19. Kh2 Qd7 20. Ng1 h5 21. f3 Kg7 22.
Ne2 Qe6 23. Nxf4 exf4 24. Nd5 Nxd5 25. exd5 Qf6 26. Re4 g5 27. Rfe1 Re5 28.
Rxe5 dxe5 29. b4 Bc8 30. bxc5 bxc5 31. Qa5 hxg4 32. fxg4 f3 33. Rf1 Qf4+ 34.
Kh1 Bxg4 35. hxg4 f2 36. Be4 Rh8+ 0-1

[Event "C.to Provinciale LI"]
[Site "Livorno ITA"]
[Date "2011.01.15"]
[Round "2"]
[White "Calcagnile, Lucio"]
[Black "Franceschi, Riccardo"]
[Result "0-1"]
[WhiteElo "2014"]
[BlackElo "2090"]
[PlyCount "122"]
[EventDate "2011.01.14"]

1. c4 e6 2. Nf3 Nf6 3. g3 b6 4. Bg2 Bb7 5. O-O Be7 6. Nc3 c5 7. d4 cxd4 8. Qxd4
O-O 9. e4 Nc6 10. Qd2 Qb8 11. Qe2 d6 12. b3 Rd8 13. Bb2 Ng4 14. Rad1 Nge5 15.
Ne1 Bf6 16. Ba3 Be7 17. f4 Nd7 18. Nc2 a6 19. Rf3 Qc7 20. Qd2 Nf6 21. Rd3 Ne8
22. e5 dxe5 23. Bxe7 Rxd3 24. Qxd3 Qxe7 25. Qd7 Kf8 26. Qxe7+ Kxe7 27. fxe5 Rb8
28. Bxc6 Bxc6 29. Nb4 Bb7 30. Na4 a5 31. Nc2 Bc6 32. Nc3 f6 33. Nd4 Bd7 34. Nf3
Rc8 35. Kf2 Bc6 36. exf6+ gxf6 37. Nd4 Bd7 38. Ndb5 Rc5 39. Rd3 Bxb5 40. Nxb5
f5 41. Nc3 Nf6 42. h3 e5 43. Na4 Rc6 44. Nc3 Ke6 45. Rd1 Rc5 46. Na4 Ne4+ 47.
Kf3 Rc6 48. Rd8 Ng5+ 49. Kg2 b5 50. Nb2 a4 51. Ra8 Rd6 52. bxa4 Rd2+ 53. Kf1
Rxb2 54. axb5 Ne4 55. a4 Nxg3+ 56. Kg1 f4 57. Rg8 e4 58. a5 e3 59. Re8+ Kf5 60.
a6 f3 61. Rxe3 Rg2# 0-1

[Event "C.to Provinciale LI"]
[Site "Livorno ITA"]
[Date "2011.01.15"]
[Round "2"]
[White "Rinaldi, Francesco Saverio"]
[Black "Nervi, Mauro"]
[Result "1/2-1/2"]
[WhiteElo "2102"]
[BlackElo "1993"]
[PlyCount "61"]
[EventDate "2011.01.14"]

1. d4 Nf6 2. c4 g6 3. Nc3 d5 4. cxd5 Nxd5 5. g3 Bg7 6. Bg2 c6 7. Nf3 O-O 8. O-O
Nd7 9. e4 Nxc3 10. bxc3 e5 11. Ba3 Re8 12. Re1 exd4 13. cxd4 Nb6 14. Qc2 Bg4
15. Rad1 Qd7 16. Bc5 Qe6 17. Rb1 Bxf3 18. Bxf3 Red8 19. e5 Rd7 20. Qe2 f5 21.
exf6 Qxe2 22. Rxe2 Bxf6 23. Bg4 Rdd8 24. Bxb6 axb6 25. Rxb6 Ra7 26. d5 Bd4 27.
Rb4 c5 28. Rb5 Kf8 29. Be6 Rd6 30. Rb3 b6 31. Kg2 1/2-1/2

[Event "C.to Provinciale LI"]
[Site "Livorno ITA"]
[Date "2011.01.15"]
[Round "3"]
[White "Casarosa, Michele"]
[Black "Rinaldi, Francesco Saverio"]
[Result "0-1"]
[WhiteElo "1953"]
[BlackElo "2102"]
[PlyCount "84"]
[EventDate "2011.01.14"]

1. e4 c5 2. Nf3 g6 3. d4 cxd4 4. Nxd4 Nc6 5. Nb3 Bg7 6. Be2 Nf6 7. Nc3 a5 8. a4
O-O 9. O-O Nb4 10. Be3 d5 11. exd5 Nfxd5 12. Nxd5 Qxd5 13. Qxd5 Nxd5 14. Bd4
Bxd4 15. Nxd4 Rd8 16. Rfd1 e5 17. Nb5 Bf5 18. c3 Nf4 19. Bf1 Bc2 20. Rdc1 Rd2
21. g3 Ne6 22. Na3 Bb3 23. Bc4 Nc5 24. Bxb3 Nxb3 25. Nc4 Rdd8 26. Nxe5 Nxa1 27.
Rxa1 Rac8 28. Nf3 Kf8 29. Nd4 Rc4 30. Kf1 Re8 31. Nb5 Rc6 32. Nd4 Rb6 33. Rb1
Re4 34. Kg2 Ke8 35. Kf1 Kd7 36. Kg2 Kd6 37. f3 Re3 38. Nb5+ Kc5 39. Kf2 Re7 40.
Nd4 Kc4 41. Kf1 Re3 42. Kf2 Rxc3 0-1

[Event "C.to Provinciale LI"]
[Site "Livorno ITA"]
[Date "2011.01.15"]
[Round "3"]
[White "De Nadai, Daniele"]
[Black "Calcagnile, Lucio"]
[Result "1/2-1/2"]
[WhiteElo "1866"]
[BlackElo "2014"]
[PlyCount "77"]
[EventDate "2011.01.14"]

1. d4 Nf6 2. c4 e6 3. g3 Bb4+ 4. Bd2 Bxd2+ 5. Nxd2 d5 6. Bg2 c6 7. Qc2 O-O 8.
e3 b6 9. Ne2 Bb7 10. O-O Nbd7 11. b4 Qe7 12. c5 e5 13. Rfe1 Ba6 14. Bf1 Rfc8
15. Nc3 Bxf1 16. Kxf1 e4 17. Kg2 Ng4 18. h3 Nh6 19. f3 exf3+ 20. Nxf3 f5 21.
Qf2 g6 22. a3 Rf8 23. Qd2 Nf7 24. Qf2 Nf6 25. Qe2 b5 26. a4 bxa4 27. Rxa4 Ne4
28. Nxe4 Qxe4 29. Kf2 Rfb8 30. Nd2 Qe7 31. Nf3 Rb5 32. Rea1 Qb7 33. Qe1 Kg7 34.
Ke2 g5 35. Ng1 Qe7 36. Kf2 Rb7 37. Ra6 Qe8 38. Qb1 Qc8 39. Qe1 1/2-1/2

[Event "C.to Provinciale LI"]
[Site "Livorno ITA"]
[Date "2011.01.15"]
[Round "3"]
[White "Nervi, Mauro"]
[Black "Annoni, Riccardo"]
[Result "0-1"]
[WhiteElo "1993"]
[BlackElo "2067"]
[PlyCount "68"]
[EventDate "2011.01.14"]

1. d4 d5 2. c4 dxc4 3. Nc3 a6 4. a4 e5 5. d5 Nf6 6. e4 Bb4 7. f3 c6 8. Bxc4 O-O
9. Bg5 Qa5 10. Nge2 cxd5 11. exd5 Nbd7 12. Bb3 Qb6 13. Qd2 Nc5 14. Bc2 Rd8 15.
Bxf6 Qxf6 16. Ng3 Be6 17. Nge4 Qh4+ 18. g3 Qh5 19. Qe3 Nxe4 20. fxe4 Bh3 21.
Bd1 Qg6 22. Bf3 Rac8 23. O-O-O Bd7 24. Kb1 Bxc3 25. bxc3 Bxa4 26. Rc1 Rxd5 27.
c4 Rd4 28. Qa3 Qb6+ 29. Ka1 Rdxc4 30. Rxc4 Rxc4 31. Rc1 Qd4+ 32. Kb1 Rb4+ 33.
Ka2 Bd7 34. Rc3 Ra4 0-1

[Event "C.to Provinciale LI"]
[Site "Livorno ITA"]
[Date "2011.01.16"]
[Round "4"]
[White "Annoni, Riccardo"]
[Black "De Nadai, Daniele"]
[Result "1-0"]
[WhiteElo "2067"]
[BlackElo "1866"]
[PlyCount "41"]
[EventDate "2011.01.14"]

1. d4 Nf6 2. Bg5 e6 3. e4 Be7 4. Nc3 h6 5. Be3 Bb4 6. Bd3 b6 7. Nge2 Bb7 8. a3
Be7 9. O-O d6 10. Ng3 h5 11. h3 h4 12. Nge2 e5 13. Qd2 Nbd7 14. Rad1 d5 15.
Nxd5 Nxd5 16. exd5 Bxd5 17. dxe5 Nxe5 18. Bb5+ c6 19. Qxd5 Qxd5 20. Rxd5 cxb5
21. Rxe5 1-0

[Event "C.to Provinciale LI"]
[Site "Livorno ITA"]
[Date "2011.01.16"]
[Round "5"]
[White "Casarosa, Michele"]
[Black "Bardi, Massimo"]
[Result "0-1"]
[WhiteElo "1953"]
[BlackElo "2049"]
[PlyCount "53"]
[EventDate "2011.01.14"]

1. Nf3 f5 2. d4 g6 3. c4 Nf6 4. Nc3 Bg7 5. e3 d6 6. Be2 Nc6 7. O-O O-O 8. d5
Ne5 9. Nd4 c5 10. dxc6 Nxc6 11. Nxc6 bxc6 12. Bf3 Qc7 13. Nb5 Qb6 14. Nd4 Ne4
15. Qb3 Bd7 16. Qxb6 axb6 17. Be2 Nc5 18. Bd2 Na4 19. b3 e5 20. bxa4 exd4 21.
Rab1 Rxa4 22. Rxb6 Rxa2 23. Rd1 dxe3 24. fxe3 Bh6 25. Bf3 Rxd2 26. Rxd2 Bxe3+
27. Rf2 0-1

[Event "C.to Provinciale LI"]
[Site "Livorno ITA"]
[Date "2011.01.16"]
[Round "5"]
[White "Franceschi, Riccardo"]
[Black "Annoni, Riccardo"]
[Result "1/2-1/2"]
[WhiteElo "2090"]
[BlackElo "2067"]
[PlyCount "105"]
[EventDate "2011.01.14"]

1. e4 c5 2. c3 Nf6 3. e5 Nd5 4. d4 cxd4 5. Nf3 e6 6. cxd4 b6 7. Nc3 Nxc3 8.
bxc3 Qc7 9. Bd2 Bb7 10. Bd3 d6 11. O-O Nd7 12. Qe2 dxe5 13. dxe5 Be7 14. Rfe1
O-O 15. Nd4 Nc5 16. Bc2 Rfd8 17. Rad1 Rac8 18. f4 g6 19. Qg4 Kh8 20. Re3 Nd7
21. Rh3 Nxe5 22. fxe5 Rxd4 23. cxd4 Qxc2 24. Be3 Qxa2 25. Rf1 Rc2 26. Rhf3 Bxf3
27. Qxf3 Qd5 28. Qxd5 exd5 29. Rxf7 Bb4 30. Bh6 a5 31. Rb7 Kg8 32. e6 Rc8 33.
Rxb6 Bf8 34. Be3 a4 35. Ra6 a3 36. Bg5 Re8 37. e7 Bxe7 38. Bxe7 Rxe7 39. Rxa3
Re4 40. Rd3 Kf7 41. Kf2 Ke6 42. Re3 Kf5 43. Rf3+ Rf4 44. g3 Rxf3+ 45. Kxf3 h5
46. h3 Kg5 47. Ke3 Kf6 48. Kf4 g5+ 49. Kf3 Kf5 50. g4+ hxg4+ 51. hxg4+ Ke6 52.
Ke3 Kd6 53. Kd3 1/2-1/2

[Event "C.to Provinciale LI"]
[Site "Livorno ITA"]
[Date "2011.01.16"]
[Round "5"]
[White "Rinaldi, Francesco Saverio"]
[Black "Cheli, Giancarlo"]
[Result "1/2-1/2"]
[WhiteElo "2102"]
[BlackElo "1962"]
[PlyCount "55"]
[EventDate "2011.01.14"]

1. d4 f5 2. d5 g6 3. g3 Nf6 4. Bg2 Bg7 5. Nh3 O-O 6. c4 e5 7. dxe6 dxe6 8. Qxd8
Rxd8 9. Nc3 Nc6 10. Rb1 Bd7 11. O-O Rab8 12. Nf4 a6 13. Rd1 Ne5 14. b3 Re8 15.
Nd3 Nxd3 16. Rxd3 c6 17. Bg5 h6 18. Bxf6 Bxf6 19. Na4 Re7 20. Rbd1 Be8 21. Rd8
Rxd8 22. Rxd8 Kf7 23. Nc5 Rc7 24. Rb8 b5 25. Ra8 bxc4 26. bxc4 e5 27. Rxa6 e4
28. Rb6 1/2-1/2